Adivinanzas nahuas de hoy y siempre : (Record no. 794)
[ view plain ]
| 000 -CABECERA | |
|---|---|
| campo de control de longitud fija | 00545nam a2200169 a 4500 |
| 005 - FECHA Y HORA DE LA ÚLTIMA TRANSACCIÓN | |
| campo de control | 20240210063611.0 |
| 008 - ELEMENTOS DE LONGITUD FIJA--INFORMACIÓN GENERAL | |
| campo de control de longitud fija | 991125s1995 mx 000 0 spa u |
| 020 ## - NÚMERO INTERNACIONAL NORMALIZADO PARA LIBROS | |
| Número Internacional Estándar del Libro | 9686044981 |
| 035 ## - NÚMERO DE CONTROL DEL SISTEMA | |
| Número de control de sistema | UPN01000000794 |
| 049 ## - COLECCIÓN | |
| Colección | F |
| 050 #4 - SIGNATURA TOPOGRÁFICA DE LA BIBLIOTECA DEL CONGRESO | |
| Número de clasificación | PN6375 |
| Número de documento/Ítem | A358 |
| 245 00 - MENCIÓN DE TÍTULO | |
| Título | Adivinanzas nahuas de hoy y siempre : |
| Resto del título | see tosaasaanil, see tosaasaanil / |
| Mención de responsabilidad, etc. | tr. José Antonio Flores Farfán ; il. Cleofas Ramírez Celestino. |
| 260 ## - PUBLICACIÓN, DISTRIBUCIÓN, ETC. | |
| Lugar de publicación, distribución, etc. | México : |
| Nombre del editor, distribuidor, etc. | CIESAS : |
| -- | Corunda, |
| Fecha de publicación, distribución, etc. | 1995. |
| 300 ## - DESCRIPCIÓN FÍSICA | |
| Extensión | 31 p. : |
| Otras características físicas | il. col. |
| 650 #4 - ASIENTO SECUNDARIO DE MATERIA - TERMINO TEMATICO | |
| Término de materia o nombre geográfico como elemento de entrada | Adivinanzas nahuas |
| 9 (RLIN) | 415 |
| 905 ## - TIPO DE MATERIAL | |
| Tipo de material | Libro |
| Estado de retiro | Estado de pérdida | Fuente del sistema de clasificación o colocación | Estado dañado | No para préstamo | Código de colección | Localización permanente | Ubicación/localización actual | Ubicación en estantería | Total de préstamos | Clasificación | Código de barras | Fecha visto por última vez | Número de copia | Tipo de ítem Koha | Fecha de adquisición |
|---|---|---|---|---|---|---|---|---|---|---|---|---|---|---|---|
| Library of Congress Classification | Folletos | Folletería | Bib. Gregorio Torres Quintero | Bib. Gregorio Torres Quintero | Folletos | PN6375 A358 | 22362F | 31/12/2020 | 1 | Libro | |||||
| Library of Congress Classification | Folletos | Folletería | Bib. Gregorio Torres Quintero | Bib. Gregorio Torres Quintero | Folletos | PN6375 A358 | 8102F | 31/12/2020 | 1 | Libro | |||||
| Library of Congress Classification | Disponible (Préstamo en sala) | Folletería | Bib. Gregorio Torres Quintero | Bib. Gregorio Torres Quintero | Colecciones especiales Planta alta | PN6375 A358 | 18340F | 31/12/2020 | 1 | Folleto | 04/05/2023 |
